000 007110000a22001930004500
090 _aAR
_b02375
245 1 0 _aFrugivoría en murciélagos: el frutero común (<Sturnira lilium>) en las Yungas de Jujuy, Argentina
650 1 4 _aHábitos alimentarios
_93824
650 1 4 _aMurciélagos
_92659
650 1 4 _aDispersión de semillas
_992588
650 1 4 _aRelación planta-animal
_992861
651 4 _pArgentina
_992749
653 _gSturnira
_eSturnira lilium
653 _fSolanaceae
_gSolanum
_eSolanum riparium
041 0 _aEspañol
100 1 _aIudica, Carlos Alberto
_995916
942 _cARTICULO
773 1 _tInvestigación, Conservación y Desarrollo en Selvas Subtropicales de Montaña
_3576
_q123-128
_d1995
999 _c11446
_d11446